000 00738nam a2200253Ia 4500
003 OSt
005 20220927111235.0
006 a|||||r|||| 00| 0
007 ta
008 220926b |||||||| |||| 00| 0 eng d
024 _a98672
037 _cReports
040 _aRTL
_cRTL
_beng
041 _2eng
_aeng
082 _a"X9(J37):2.5.N8, M1"
100 _aAzad K C
_9381709
245 0 _aRecent techniques in optimization of fruit product
260 _aHimachal
_bPredesh Govt press India
_c1981
300 _a62p.
_ccm.
500 _a"Himachal pradesh horticulture(deptt of-), publication."
650 _aFruit
942 _h"X9(J37):2.5.N8, M1"
_cCC
999 _c698861
_d698861